Online
Catalog

El Cine : (Record no. 43354)

MARC details
000 -CABECERA
campo de control de longitud fija 00542nam a2200169 a 4500
001 - NÚMERO DE CONTROL
campo de control 000043865
005 - FECHA Y HORA DE LA ÚLTIMA TRANSACCIÓN
campo de control 20201002045019.0
008 - DATOS DE LONGITUD FIJA--INFORMACIÓN GENERAL
campo de control de longitud fija 140507s1979 sp ac 000 0 spa d
020 ## - NÚMERO INTERNACIONAL ESTÁNDAR DEL LIBRO
Número Internacional Estándar del Libro 8434539179
040 ## - FUENTE DE LA CATALOGACIÓN
Centro catalogador/agencia de origen DO-SdBNP
Lengua de catalogación spa
Centro/agencia transcriptor BNPHU
245 03 - MENCIÓN DE TÍTULO
Título El Cine :
Resto del título enciclopedía Salvat del 7mo. arte /
Mención de responsabilidad, etc. director Juan Salvat.
260 ## - PUBLICACIÓN, DISTRIBUCIÓN, ETC.
Lugar de publicación, distribución, etc. Barcelona :
Nombre del editor, distribuidor, etc. Salvat,
Fecha de publicación, distribución, etc. 1979.
300 ## - DESCRIPCIÓN FÍSICA
Extensión v. :
Otras características físicas il., retrs. ;
Dimensiones 31 cm.
500 ## - NOTA GENERAL
Nota general La biblioteca posee el volumen 4
505 1# - NOTA DE CONTENIDO CON FORMATO
Información miscelánea v. 4
Título Cine de guerra
-- Cine historico
700 12 - PUNTO DE ACCESO ADICIONAL--NOMBRE DE PERSONA
Nombre de persona Salvat, Juan
Término indicativo de función/relación dir.
9 (RLIN) 10865
Holdings
Estado de retiro Estado de pérdida Restricciones de uso No para préstamo Código de colección Localización permanente Ubicación/localización actual Ubicación en estantería Fecha de adquisición Número de inventario Total de préstamos Signatura topográfica completa Código de barras Fecha visto por última vez Precio válido a partir de Tipo de ítem Koha
      Excluido de préstamo Monografías: Libros y Folletos General General En catalogación 07.05.2014 LF1   43865-10 25.06.2020 25.06.2020 No se presta

Powered by Koha